Case in point (Record no. 102910)
[ view plain ]
| 000 -LEADER | |
|---|---|
| fixed length control field | 01328cam a2200253 4500 |
| 008 - FIXED-LENGTH DATA ELEMENTS--GENERAL INFORMATION | |
| fixed length control field | #DATE n2004 000 0 eng u |
| 020 ## - INTERNATIONAL STANDARD BOOK NUMBER | |
| International Standard Book Number | 1842191527 |
| -- | 9781842191527 (2005 reprint) |
| 035 ## - SYSTEM CONTROL NUMBER | |
| System control number | (Sirsi) u122697 |
| 041 0# - LANGUAGE CODE | |
| Language code of text/sound track or separate title | eng |
| 050 04 - LIBRARY OF CONGRESS CALL NUMBER | |
| Classification number | 692.2 $2 18 |
| 100 1# - MAIN ENTRY--PERSONAL NAME | |
| Personal name | Hannaford, S. |
| 245 00 - TITLE STATEMENT | |
| Title | Case in point |
| Remainder of title | party walls |
| 260 ## - PUBLICATION, DISTRIBUTION, ETC. | |
| Place of publication, distribution, etc. | London |
| Name of publisher, distributor, etc. | RICS |
| Date of publication, distribution, etc. | 2004 |
| 300 ## - PHYSICAL DESCRIPTION | |
| Extent | xxii, 106p. |
| Dimensions | 21cm. |
| 350 ## - PRICE (NR) (BK AM CF MU VM SE) [OBSOLETE] | |
| Price | 19.95 |
| 490 #4 - SERIES STATEMENT | |
| Series statement | RICS Case in Point Series |
| 520 ## - SUMMARY, ETC. | |
| Summary, etc. | A practical, case-based guide for the party wall practitioner, giving a rapid insight into the key legal issues, and easy access to essential information. Based on summaries of party wall cases, this guide covers: practical application of legislation; detail of the Party Wall Etc. Act 1996; notices - what they include, who serves them, and on whom; dispute resolution, the role of the surveyor; awards - content, compliance and challenge; surveyors' role and liability; rights and responsibilities of owners and adjoining owners; and special sections on changes in ownership, support and easements. |
| 650 24 - SUBJECT ADDED ENTRY--TOPICAL TERM | |
| Topical term or geographic name entry element | PARTY WALL ETC ACT 1996 |
| 690 ## - LOCAL SUBJECT ADDED ENTRY--TOPICAL TERM (OCLC, RLIN) | |
| Topical term or geographic name as entry element | PROPERTY-PROPERTY MANAGEMENT-EASEMENTS-PARTY WALL SURVEYING-PARTY WALLS |
| 700 1# - ADDED ENTRY--PERSONAL NAME | |
| Personal name | Stephens, J. |
| 710 2# - ADDED ENTRY--CORPORATE NAME | |
| Corporate name or jurisdiction name as entry element | Royal Institution of Chartered Surveyors |
| 9 (RLIN) | 4900 |
| 942 ## - ADDED ENTRY ELEMENTS (KOHA) | |
| Suppress in OPAC | 0 |
| Withdrawn status | Lost status | Source of classification or shelving scheme | Damaged status | Not for loan | Home library | Current library | Shelving location | Date acquired | Total Checkouts | Full call number | Barcode | Date last seen | Copy number | Price effective from | Koha item type | Date last checked out |
|---|---|---|---|---|---|---|---|---|---|---|---|---|---|---|---|---|
| Other/Generic Classification Scheme | London | London | RICS Boxes | 14/05/2004 | 2004/15 | 30069250 | 06/08/2019 | 1 | 06/08/2019 | Archive | ||||||
| Dewey Decimal Classification | London | London | Books | 11/09/2008 | 692.2 HAN | 30069254 | 06/08/2019 | 1 | 06/08/2019 | Reference material | ||||||
| Dewey Decimal Classification | London | London | Books | 11/09/2008 | 12 | 692.2 HAN | 30069362 | 06/08/2019 | 4 | 06/08/2019 | Book | 15/12/2009 | ||||
| Dewey Decimal Classification | London | London | Books | 11/09/2008 | 5 | 692.2 HAN | 30069365 | 06/08/2019 | 5 | 06/08/2019 | Book | 20/11/2009 |